ولكنكم غثاء / (رقم التسجيلة. 41237)

تفاصيل مارك
000 -الفاتح
عناصر البيانات ثابتة الطول 00563cam a2200169 i 4500
005 - تاريخ ووقت آخر معاملة
حقل ضبط 20251228104722.0
008 - عناصر البيانات ثابتة الطول
عناصر البيانات ثابتة الطول 250721s1997 jo gr 000 0 ara d
082 14 - رقم تصنيف ديوي العشري
رقم التصنيف 218.61
رقم المادة ت ل
100 1# - مدخل رئيسي – اسم شخصي
الاسم الشخصي التل، حسن
علاقة الشخص بالعمل/ دوره مؤلف.
245 10 - بيان العنوان
العنوان ولكنكم غثاء /
بيان المسؤولية بقلم حسن التل.
264 31 - بيانات النشر، التوزيع…إلخ
مكان النشر، التوزيع...إلخ عمان :
اسم الناشر، الموزع...إلخ مؤسسة اللواء للدراسة والأبحاث،
تاريخ النشر، التوزيع...إلخ 1997.
300 ## - الوصف المادي
عدد الوحدات المكونة للوعاء 435 صفحة.
650 17 - مدخل إضافي بالموضوع - مصطلح موضوعي
مصطلح موضوعي أو اسم جغرافي كعنصر مدخل دفع مطاعن الحديث.
650 17 - مدخل إضافي بالموضوع - مصطلح موضوعي
مصطلح موضوعي أو اسم جغرافي كعنصر مدخل دفع مطاعن عن القرآن.
942 ## - بيانات إضافية (كوها)
نوع التنصيف Dewey Decimal Classification
نوع المادة (كوها) كتب
المقتنيات
حالة السحب حالة الفقدان مصدر التصنيف حالة التلف غير قابل للإعارة المكتبة الرئيسية المكتبة الحالية موقع الرف تاريخ التزويد الرقم المتسلسل Total Checkouts رقم الإستدعاء الباركود تاريخ آخر ظهور تاريخ الفاتورة نوع المادة (كوها)
    Dewey Decimal Classification     المكتبة المركزية المكتبة المركزية الإعارة 06/07/2004 310585   218.61 / ت ل 310585 28/07/2025 06/07/2004 كتب
    Dewey Decimal Classification Unchecked   مكتبة أبو علندا العامة مكتبة أبو علندا العامة الإعارة 06/07/2004 310607   218.61/تل   28/07/2025 06/07/2004 كتب
    Dewey Decimal Classification     مكتبة أم قصير والمقابلين العامة مكتبة أم قصير والمقابلين العامة الإعارة 16/07/2014 310606   218.61/تل PLD00335878 28/07/2025 16/07/2014 كتب
    Dewey Decimal Classification     مكتبة صويلح العامة مكتبة صويلح العامة الإعارة 17/02/2016 310599   218.61/تل PLD00374816 28/07/2025 17/02/2016 كتب
Implemented & Customized by: BBB with SCIT (Smart Chains for Information Technology)

Powered by Koha